000 00382pab a2200157 454500
008 180718b2005 xxu||||| |||| 00| 0 eng d
100 _aRao, P.S.N.
245 _aProvision of urban amenities in rural areas - the way forward
260 _c2005
300 _ap.32-44.
362 _aOct-Dec
650 _aRural development
773 _aNagarlok
908 _aN
909 _a73432
999 _c73432
_d73432